Statistics for Pan-Arab Flags

Click here to take the quiz!

General Stats

  • This quiz has been taken 67 times
  • The average score is 9 of 9

Answer Stats

Answer% Correct
Egypt
100%
Syria
100%
Iraq
98%
Jordan
98%
Kuwait
98%
Yemen
98%
Sudan
92%
United Arab Emirates
92%
Libya
90%

Score Distribution

Percentile by Number Answered

Percent of People with Each Score

Your Score History

You have not taken this quiz